12 Największych gospodarek obu Ameryk - Statystyki

Ogólne statystyki
  • Ten quiz został rozwiązany 23 razy
  • Średni wynik to 11 z 12
Statystyki odpowiedzi
Miejsce PKB ( Miliardy ) Państwo % Poprawnych
5 . 979 191 000 Argentyna
100%
2 . 3 599 000 000 Brazylia
100%
4 . 2 398 500 000 Kanada
100%
3 . 2 613 000 000 Meksyk
100%
1 . 29 308 494 500 Stany Zjednoczone
100%
7 . 501 554 000 Chile
95%
6 . 714 038 000 Kolumbia
95%
8 . 463 815 000 Peru
91%
1 0 . 201 029 500 Kuba
86%
1 2 . 195 431 000 Ekwador
82%
9 . 234 918 500 Dominikana
73%
1 1 . 199 736 000 Gwatemala
59%
Nie znaleziono quizów pasujących do podanych kryteriów
Rozkład punktacji
Procent ludzi z każdym wynikiem
Percentyl według liczby udzielonych odpowiedzi
Twoja historia wyników
Nie rozwiązałeś tego quizu